ბათუმის შოთა რუსთაველის სახელმწიფო უნივერსიტეტის ბიბლიოთეკა

საქართველოს ეკონომიკა. 100 წლისთავისადმი მიძღვნილი. სპეციალური გამოშვება №9 2018. (ბიბ.ჩანაწერი № 56105)

000 -LEADER
fixed length control field 01041nam a2200205Ia 4500
001 - CONTROL NUMBER
control field 23206
003 - CONTROL NUMBER IDENTIFIER
control field GE_BSU
008 - FIXED-LENGTH DATA ELEMENTS--GENERAL INFORMATION
fixed length control field 181216s||||||||xx |||||||||||||| ||und||
040 ## - CATALOGING SOURCE
Transcribing agency GE_BSU
245 ## - TITLE STATEMENT
Title საქართველოს ეკონომიკა. 100 წლისთავისადმი მიძღვნილი. სპეციალური გამოშვება №9 2018.
245 ## - TITLE STATEMENT
Remainder of title სამეცნიერო ანალიტიკური ჟურნალი.
245 ## - TITLE STATEMENT
Statement of responsibility, etc. მთ.რედ:ემზარ ჯგერენაია.სამ.რედ:ლეო ჩიქავა და სხვა.
260 ## - PUBLICATION, DISTRIBUTION, ETC.
Place of publication, distribution, etc. თბილისი
260 ## - PUBLICATION, DISTRIBUTION, ETC.
Date of publication, distribution, etc. 2018
300 ## - PHYSICAL DESCRIPTION
Extent 345გვ. ; 20სმ.
653 ## - INDEX TERM--UNCONTROLLED
Uncontrolled term 100 წლისთავისადმი მიძღვნილი. სპეციალური გამოშვება
653 ## - INDEX TERM--UNCONTROLLED
Uncontrolled term პერიოდიკა
653 ## - INDEX TERM--UNCONTROLLED
Uncontrolled term საქართველოს ეკონომიკა.№9 2018.
942 ## - ADDED ENTRY ELEMENTS (KOHA)
Koha item type პერიოდიკა
ეგზემპლარები
Withdrawn status Lost status Damaged status Not for loan Date acquired Barcode Date last seen Price effective from Koha item type
        2018-12-17 p 79602 2018-12-17 2018-12-17 პერიოდიკა